Teoría, integración y administración de sistemas (Registro nro. 2265)
[ vista simple ]
| 000 -LEADER | |
|---|---|
| fixed length control field | 01304 a2200253 4500 |
| 001 - CONTROL NUMBER | |
| control field | 32166 |
| 005 - DATE AND TIME OF LATEST TRANSACTION | |
| control field | 20260407155622.0 |
| 008 - FIXED-LENGTH DATA ELEMENTS--GENERAL INFORMATION | |
| fixed length control field | 260407a1977 arg spa d |
| 003 - CONTROL NUMBER IDENTIFIER | |
| control field | AR-UNSa-BCEJYS |
| 040 ## - CATALOGING SOURCE | |
| Original cataloging agency | AR-UNSa-BCEJYS |
| Language of cataloging | spa |
| Transcribing agency | AR-UNSa-BCEJYS |
| 080 ## - UNIVERSAL DECIMAL CLASSIFICATION NUMBER | |
| Universal Decimal Classification number | 658 |
| Common auxiliary subdivision | Administración de empresas. Organización comercial |
| 041 ## - LANGUAGE CODE | |
| Language code of text/sound track or separate title | spa |
| 100 1# - MAIN ENTRY--PERSONAL NAME | |
| Personal name | Johnson, Richard A. |
| 245 10 - TITLE STATEMENT | |
| Title | Teoría, integración y administración de sistemas |
| 264 #1 - PRODUCTION, PUBLICATION, DISTRIBUTION, MANUFACTURE, AND COPYRIGHT NOTICE | |
| Place of production, publication, distribution, manufacture | México : |
| Name of producer, publisher, distributor, manufacturer | Limusa |
| Date of production, publication, distribution, manufacture, or copyright notice | 1977 |
| 300 ## - PHYSICAL DESCRIPTION | |
| Extent | 400 p. |
| Dimensions | 23 cm. |
| 505 ## - FORMATTED CONTENTS NOTE | |
| Formatted contents note | 1. Teoría y administración de sistemas - 2. Planeación y conceptos de sistemas - 3. Organización y conceptos de sistemas - 4. Conceptos de control y sistemas - 5. Conceptos y sistemas de comunicación - 6. Integración de conceptos y de sistemas - 7. Administración de un sistema de armamentos - 8. Rocremática - 9. Automatización y control numérico - 10. Sitemas de procesamiento de datos - 11. Ciecnia de la administración - 12. Técnicas PERT/PEP de análisis de redes - 13. Diseño de sistemas - 14. Personas y sistemas - 15. Administración de sistemas en el futuro. |
| 590 ## - LOCAL NOTE (RLIN) | |
| Local note | niveau_biblio:m niveau_hierar:0 |
| 700 1# - ADDED ENTRY--PERSONAL NAME | |
| Personal name | Kast, Fremont E. |
| 700 1# - ADDED ENTRY--PERSONAL NAME | |
| Personal name | Pego, Ulises |
| 700 1# - ADDED ENTRY--PERSONAL NAME | |
| Personal name | Rosenzweig, James E. |
| 700 1# - ADDED ENTRY--PERSONAL NAME | |
| Personal name | Macharro Ferrer, Rafael |
| 942 ## - ADDED ENTRY ELEMENTS (KOHA) | |
| Koha item type | |
| Withdrawn status | Lost status | Damaged status | Not for loan | Home library | Current library | Shelving location | Date acquired | Total checkouts | Full call number | Barcode | Date last seen | Price effective from | Koha item type |
|---|---|---|---|---|---|---|---|---|---|---|---|---|---|
| Biblioteca Prof. Eusebio Cleto del Rey | Biblioteca Prof. Eusebio Cleto del Rey | 07/04/2026 | 658 J65 | L53105 | 07/04/2026 | 07/04/2026 | Libro | ||||||
| Biblioteca Prof. Eusebio Cleto del Rey | Biblioteca Prof. Eusebio Cleto del Rey | 07/04/2026 | 658 J65 | L33950 | 07/04/2026 | 07/04/2026 | Libro | ||||||
| Biblioteca Prof. Eusebio Cleto del Rey | Biblioteca Prof. Eusebio Cleto del Rey | 07/04/2026 | 658 J65 | L39017 | 07/04/2026 | 07/04/2026 | Libro | ||||||
| Biblioteca Prof. Eusebio Cleto del Rey | Biblioteca Prof. Eusebio Cleto del Rey | 07/04/2026 | 658 J65 | L24358 | 07/04/2026 | 07/04/2026 | Libro | ||||||
| Biblioteca Prof. Eusebio Cleto del Rey | Biblioteca Prof. Eusebio Cleto del Rey | 07/04/2026 | 658 J65 | L24357 | 07/04/2026 | 07/04/2026 | Libro | ||||||
| Biblioteca Prof. Eusebio Cleto del Rey | Biblioteca Prof. Eusebio Cleto del Rey | 07/04/2026 | 658 J65 | L39016 | 07/04/2026 | 07/04/2026 | Libro |